000 00471nam a2200193Ia 4500
005 20140402154336.0
008 140130s9999 xx 000 0 und d
020 _a9780545045209
050 _aPZ 7
_b.M398 2008
100 _aMason, Jane
_931357
245 _cJane Mason.
_aThe Sister Switch /
260 _bScholastic,
_c2008.
_aUSA :
300 _a150 p. :
_c19 cm.
440 _v1
_931174
521 _aG5
526 _c750
942 _cBK
_2lcc
999 _c41094
_d41094